Every Megacity - Statistics

General Stats
  • This quiz has been taken 14 times
  • The average score is 20 of 32
Answer Stats
Hint Answer % Correct
13,920,000 New York City
100%
29,559,000 Shanghai
92%
17,013,000 Beijing
85%
10,416,000 London
85%
12,740,000 Los Angeles
85%
14,525,000 Moscow
85%
33,413,000 Tokyo
85%
30,222,000 Delhi
77%
27,563,000 Guangzhou
77%
17,734,000 Mexico City
77%
22,490,000 Seoul
77%
14,018,000 Buenos Aires
69%
20,203,000 Mumbai
69%
18,950,000 Sao Paulo
69%
18,180,000 Bangkok
62%
22,550,000 Kolkata
62%
12,792,000 Lagos
62%
10,580,000 Lima
62%
12,964,000 Osaka
62%
10,624,000 Bogota
54%
25,566,000 Cairo
54%
14,053,000 Ho Chi Minh City
54%
41,914,000 Jakarta
54%
15,015,000 Istanbul
46%
21,423,000 Karachi
46%
15,156,000 Lahore
46%
11,153,000 Chennai
38%
13,878,000 Shenzhen
38%
13,187,000 Bangalore
31%
36,585,000 Dhaka
31%
10,944,000 Kinshasa
31%
11,370,000 Luanda
31%
No matching quizzes found
Score Distribution
Percent of People with Each Score
Percentile by Number Answered
Your Score History
You have not taken this quiz